000
00198 a2200097 4500
001
2714
100
_a
Delbars, Y.
245
_a
The real stalin
260
_a
_b
George Allen
_c
090
_c
2010
_d
2010
942
_a
NUST-CAE
_c
M
_c
11226
999
_c
237787
_d
237787